00555nam a2200169 a 450000100100000000500170001000800410002702000150006804000250008310000190010824501160012726000410024330000330028465000170031770000180033470000330035200003628220200930075639.0120112s1988 sp a 000 0 spa d a8475921949 aDO-SdBNPbspacBNPHU1 aKershaw, Betty10aModelos de enfermería /cBetty Kershaw, Jane Salvage ; traducción de la edición original Ma. Teresa Luis. aBarcelona :bEdiciones Doyma,c1988. axiv, 129 p. :bil. ;c22 cm.24aEnfermería1 aSalvage, Jane1 aLuis, María Teresa,etrad.